Statistiques concernant They Shoot Pictures, Don't They? - films 121 à 140

Cliquez ici pour prendre le quiz!

Statistiques générales

  • Ce quiz a été pris 37 fois
  • Le résultat moyen est 7 sur 20

Statistiques - réponses

Réponse% Correct
Le Voyage de Chihiro
97%
Alien
87%
Blow-up
60%
L'Évangile selon Saint Matthieu
50%
L'Impossible Monsieur Bébé
47%
Ève
43%
Intolérance
33%
Vivre sa vie
33%
Les Enchaînés
30%
Partie de campagne
27%
Histoire(s) du cinéma
23%
L'Éclipse
23%
Ne vous retournez pas
23%
Los Olvidados
20%
La Dame du vendredi
17%
L'Ange Exterminateur
17%
La Poursuite Infernale
13%
Lettre d'une inconnue
13%
Une question de vie ou de mort
13%
Mirage de la vie
7%

Distribution des résultats

Percentile par nombre de réponses

% des personnes avec chaque résultat

Votre développement - résultats

Vous n’avez pas pris ce quiz